000 00673nam a2200193 a 4500
001 000033054
005 20240409073643.0
008 110221t1954 dr 001 0bspa d
040 _aDO-SdBNP
_bspa
_cBNPHU
082 _a923.17293
_bT866f
100 1 _aFontana, Gil
_958751
245 1 0 _aTrujillo y su obra :
_b1930-1952 /
_cGil Fontana.
260 _aLa Romana, República Dominicana :
_bImprenta Romana,
_c1954.
300 _a188 p. ;
_c25 cm.
600 1 0 _aTrujillo Molina, Rafael Leónidas,
_d 1891-1961
_976764
651 4 _aRepública Dominicana
_xPolítica Y Gobierno
_yERA DE TRUJILLO, 1930-1961
_91374
910 _aValidado. Control de calidad EMS.
049 _aBNPD
999 _c32545
_d32545